000 00881nam a2200265 a 4500
001 BRCA_6277
005 20190320205409.0
008 030811s1935----enkabc####---#000-0#eng-#
041 _aeng
044 _aenk
050 4 _aF1233
_b.M39 H37
_c1935
100 1 _aHarding, Bertita Leonarz
_915745
245 1 0 _aPhantom crown
_bthe story of Maximilian and Carlota of Mexico
_cBertita Harding.
260 _aLondres
_bHarrap
_cc1935
300 _a343 p.
_bil., mapas, retratos
_c22 cm.
500 _aCon dedicatoria de la autora al Sr. Franz Mayer
500 _aIncluye índice alfabético
500 _aK135
504 _aBibliografía: p. 329-332
600 1 4 _aMaximiliano
_cEmperador de México
_d1832-1867
_94582
600 1 4 _aCarlota
_cEmperatriz consorte de Maximiliano
_d1840-1927
_915746
651 4 _aMéxico
_xHistoria
_y1861-1867
_915747
902 _aGFM
942 _2lcc
_cB
999 _c5964
_d5964